000 00688nam a2200217 i 4500
001 14148
003 ES-MaACL
005 20230906150733.0
007 t|
008 980120s1997 sp ||||0| spa j
020 _a84-920560-5-3
040 _aM-BN
_bspa
_cM-BN
080 _a327.5(569.4)
100 1 _aEscribano de la Mata, Lydia.
_947636
245 1 0 _aQue no caiga la rama del olivo /
_cautora, Lydia Escribano de la Mata.
260 _aMadrid :
_bAsociación de Mujeres por la Paz,
_c[1997]
300 _a111 p. :
_bil. ;
_c21 cm.
650 1 4 _aConflicto árabe-israelí.
_911266
710 2 _aAsociación de Mujeres por la Paz.
_91619
852 _aES-MaACL
_jL-21414
_bR.126305
999 _c14148
_d14148